RICS set to transform process of appointing a surveyor (Record no. 81224)

MARC details
000 -LEADER
fixed length control field 00984cad a22001935a 4500
001 - CONTROL NUMBER
control field L146654
008 - FIXED-LENGTH DATA ELEMENTS--GENERAL INFORMATION
fixed length control field 090211e20080609xxk f 000 0 eng d
035 ## - SYSTEM CONTROL NUMBER
System control number (Sirsi) u146654
041 0# - LANGUAGE CODE
Language code of text/sound track or separate title eng
110 2# - MAIN ENTRY--CORPORATE NAME
Corporate name or jurisdiction name as entry element Royal Institution of Chartered Surveyors
9 (RLIN) 4900
245 00 - TITLE STATEMENT
Title RICS set to transform process of appointing a surveyor
Medium [electronic resource]
260 ## - PUBLICATION, DISTRIBUTION, ETC.
Date of publication, distribution, etc. 2008
490 ## - SERIES STATEMENT
Series statement RICS Press Release
Volume/sequential designation (PR041) 9 June 2008
520 ## - SUMMARY, ETC.
Summary, etc. Announces the release of the new consultancy appointment form, which will simplify and improve the appointment of a surveyor. Explains that they take into account recent legal changes in health and safety and in company administration. The form exists in two versions: a Standard Form of Appointment which can be used for projects of any size or value, and a Short Form of Appointment to be used for smaller projects.
590 ## - LOCAL NOTE (RLIN)
Local note KA
651 #4 - SUBJECT ADDED ENTRY--GEOGRAPHIC NAME
Geographic name England and Wales
Chronological subdivision 1543-
690 ## - LOCAL SUBJECT ADDED ENTRY--TOPICAL TERM (OCLC, RLIN)
Topical term or geographic name as entry element BUILT ENVIRONMENT-BUILDING CONTRACT FORMS
942 ## - ADDED ENTRY ELEMENTS (KOHA)
Suppress in OPAC 0
Holdings
Withdrawn status Lost status Source of classification or shelving scheme Damaged status Not for loan Home library Current library Shelving location Date acquired Total Checkouts Full call number Barcode Date last seen Copy number Price effective from Koha item type
    Dewey Decimal Classification     Virtual Virtual Online 11/02/2009   ONLINE PUBLICATION 146654-2001 06/08/2019 1 06/08/2019 Online material